|
|
|
|
| LEADER |
00000naa2a2200000 4500 |
| 001 |
90003 |
| 005 |
20231227134248.0 |
| 035 |
|
|
|a (RuTPU)RU\TPU\book\96538
|
| 090 |
|
|
|a 90003
|
| 100 |
|
|
|a 20060202d2002 k y0rusy50 ca
|
| 101 |
0 |
|
|a rus
|
| 102 |
|
|
|a RU
|
| 200 |
1 |
|
|a Комплексный седиментологический подход при изучении нефтяных объектов
|f О. С. Чернова
|
| 320 |
|
|
|a Библиогр.: 4 назв.
|
| 463 |
|
0 |
|0 (RuTPU)RU\TPU\book\48105
|t Первая Сибирская международная конференция молодых ученых по наукам о Земле
|o 4-6 декабря 2002 г., Новосибирск
|o Тезисы докладов
|f Российская академия наук; Сибирское отделение РАН; Объединенный институт геологии, геофизики и минералогии; Под ред. В. С. Шацкого
|v С. 167-168.
|d 2002
|p 191 с.
|
| 610 |
1 |
|
|a нефтяные месторождения
|
| 610 |
1 |
|
|a нефть
|
| 610 |
1 |
|
|a седиментология
|
| 610 |
1 |
|
|a изучение
|
| 610 |
1 |
|
|a нефтяная геология
|
| 610 |
1 |
|
|a осадконакопление
|
| 610 |
1 |
|
|a труды учёных ТПУ
|
| 700 |
|
1 |
|a Чернова
|b О. С.
|c специалист в области нефтегазового дела
|c профессор Томского политехнического университета, доктор геолого-минералогических наук
|f 1967-
|g Оксана Сергеевна
|3 (RuTPU)RU\TPU\pers\26243
|9 12029
|
| 801 |
|
1 |
|a RU
|b 63413507
|c 20060202
|g PSBO
|
| 801 |
|
2 |
|a RU
|b 63413507
|c 20160330
|g RCR
|
| 942 |
|
|
|c BK
|